[Event "Titled Tue 17th Jun Late"]
[Site "chess.com INT"]
[Date "2025.06.17"]
[Round "6"]
[White "Sargsyan, Shant"]
[Black "Lysyj, Igor"]
[Result "1-0"]
[WhiteTitle "GM"]
[BlackTitle "GM"]
[WhiteElo "2669"]
[BlackElo "2582"]
[WhiteFideId "13306766"]
[BlackFideId "4150120"]
[EventDate "2025.06.17"]

1. c4 e6 2. g3 d5 3. Bg2 Nf6 4. Nf3 Be7 5. O-O O-O 6. b3 c5 7. Bb2 b6 8. cxd5
Nxd5 9. d4 Bb7 10. dxc5 Bxc5 11. Nbd2 Nf6 12. a3 a5 13. Qc2 Nbd7 14. Rad1 Qe7
15. Qc1 Rac8 16. Qa1 Rfd8 17. Nc4 Bd5 18. e3 a4 19. Nfd2 axb3 20. Rc1 b5 21.
Bxd5 exd5 22. Na5 Re8 23. Naxb3 Bd6 24. Nd4 b4 25. Nc6 Qf8 26. axb4 Bxb4 27. Nf3
Bc5 28. Ncd4 Ne4 29. Rfd1 Ndf6 30. Nd2 Nxf2 31. Kxf2 Ng4+ 32. Kg1 Rxe3 33. Nf1
Re2 34. Rxc5 Qxc5 35. Rc1 Qxc1 36. Bxc1 Re1 37. Nf5 Nf6 38. Qa3 Rcxc1 39. Ne7+ 1-0

[Event "Titled Tue 17th Jun Late"]
[Site "chess.com INT"]
[Date "2025.06.17"]
[Round "6"]
[White "Holinka, Henning"]
[Black "Moroni, Luca Jr"]
[Result "0-1"]
[WhiteTitle "FM"]
[BlackTitle "GM"]
[WhiteElo "2303"]
[BlackElo "2549"]
[WhiteFideId "12967084"]
[BlackFideId "865834"]
[EventDate "2025.06.17"]

1. Nf3 g6 2. d4 Bg7 3. g3 d6 4. Bg2 Bd7 5. O-O Qc8 6. Re1 Nc6 7. c4 Bh3 8. Bh1
h5 9. d5 Ne5 10. Nxe5 Bxe5 11. Nd2 h4 12. Nf3 Bg7 13. Qa4+ Kf8 14. Qb3 Nf6 15.
Be3 Ng4 16. Bd4 Bxd4 17. Nxd4 hxg3 18. Qxg3 Nf6 19. e4 e5 20. dxe6 Bxe6 21. e5
Rh3 22. Qf4 Nh5 23. Qh6+ Ng7 24. Qg5 Rh5 25. Qg3 dxe5 26. Rxe5 Qd8 27. Rd1 Rxe5
28. Nxe6+ Rxe6 29. Rxd8+ Rxd8 30. Bf3 Nf5 31. Qxc7 Rd2 32. Bd5 Re7 33. Qb8+ Kg7
34. Qxa7 Nh4 35. h3 g5 36. Qc5 Ng6 37. Kg2 Re5 38. Kg3 Rf5 39. Qc7 Rdxf2 40.
Qxb7 Re2 41. a4 Nf4 42. a5 Kh6 0-1

[Event "Titled Tue 17th Jun Late"]
[Site "chess.com INT"]
[Date "2025.06.17"]
[Round "6"]
[White "Thake, Conrad"]
[Black "Alothman , Ali Layth Ahmed"]
[Result "0-1"]
[WhiteTitle "CM"]
[BlackTitle "FM"]
[WhiteElo "1873"]
[BlackElo "2179"]
[WhiteFideId "5602947"]
[BlackFideId "4801920"]
[EventDate "2025.06.17"]

1. e4 c5 2. b3 Nc6 3. Bb2 e5 4. d3 d6 5. Nd2 Be7 6. Be2 Nf6 7. Ngf3 O-O 8. O-O
h6 9. h3 Be6 10. a4 Rc8 11. Nc4 Nh7 12. Ne3 Ng5 13. Nxg5 Bxg5 14. Bg4 Qd7 15.
Bxe6 fxe6 16. Qh5 Nd4 17. Bxd4 cxd4 18. Nc4 Bf6 19. f4 exf4 20. Rxf4 d5 21. exd5
exd5 22. Ne5 Bxe5 23. Qxe5 Rxf4 24. Qxf4 Rxc2 25. Rf1 Rc6 26. Qf8+ Kh7 27. Qf5+
Qxf5 28. Rxf5 Rc3 29. Rxd5 Rxd3 30. Kf2 Rxb3 31. Rxd4 a5 32. Rc4 Kg6 33. Rg4+
Kf6 34. Rf4+ Ke5 35. Rg4 g5 36. h4 Rb4 37. Rxb4 axb4 38. Ke3 gxh4 39. Kd3 Kf4
40. Kc4 Kg3 41. a5 Kxg2 42. Kxb4 h3 43. Kb5 h2 44. Kb6 h1=Q 45. Kxb7 Kg3+ 46.
Kb6 h5 47. a6 h4 48. a7 h3 49. Kc7 h2 50. Kb8 Qb1+ 51. Kc7 Qa2 0-1

[Event "Titled Tue 17th Jun Late"]
[Site "chess.com INT"]
[Date "2025.06.17"]
[Round "6"]
[White "Yin, Evan"]
[Black "Rosen, Eric"]
[Result "0-1"]
[BlackTitle "IM"]
[WhiteElo "2142"]
[BlackElo "2377"]
[WhiteFideId "30953111"]
[BlackFideId "2032562"]
[EventDate "2025.06.17"]

1. Nf3 e6 2. g3 f5 3. Bg2 Nf6 4. O-O d5 5. c4 c6 6. b3 Bd6 7. Bb2 O-O 8. d4 Qe7
9. Nbd2 Bd7 10. Ne5 Be8 11. Qc2 Nbd7 12. Rae1 g5 13. f3 Qg7 14. Nxd7 Nxd7 15. e4
Bg6 16. e5 Bb4 17. Bc3 f4 18. Qb2 Be7 19. Rc1 h5 20. Rfe1 g4 21. Rf1 Bg5 22.
fxg4 hxg4 23. gxf4 Bxf4 24. Rce1 Qh7 25. Rxf4 Rxf4 26. Nf1 Raf8 27. Ng3 Qf7 28.
cxd5 cxd5 29. Qa3 Rf2 30. Qa6 bxa6 0-1

[Event "Titled Tue 17th Jun Late"]
[Site "chess.com INT"]
[Date "2025.06.17"]
[Round "6"]
[White "Qian, Ashley"]
[Black "Harish, Neeraj"]
[Result "0-1"]
[WhiteTitle "WCM"]
[BlackTitle "CM"]
[WhiteElo "2033"]
[BlackElo "2192"]
[WhiteFideId "2636280"]
[BlackFideId "30958130"]
[EventDate "2025.06.17"]

1. Nf3 d5 2. c4 e6 3. g3 Nf6 4. Bg2 c6 5. O-O dxc4 6. Qc2 b5 7. a4 Bb7 8. Ne5
Bd6 9. f4 Qb6+ 10. Kh1 a5 11. Nc3 Nbd7 12. Nxd7 Nxd7 13. Ne4 Be7 14. Rb1 Nf6 15.
Nc3 O-O 16. h3 Rad8 17. g4 Nd5 18. Be4 f5 19. gxf5 Nb4 20. Qd1 exf5 21. Bg2 Bf6
22. Kh2 Rfe8 23. Qe1 Nd3 24. Qg3 Nxc1 25. Rfxc1 Rxd2 26. b3 Re3 27. Qf2 Bd4 28.
Nd1 Rxh3+ 0-1

[Event "Titled Tue 17th Jun Late"]
[Site "chess.com INT"]
[Date "2025.06.17"]
[Round "6"]
[White "Reinecke, Katharina"]
[Black "Mafra, Kaiser Luiz"]
[Result "1-0"]
[WhiteTitle "WCM"]
[BlackTitle "CM"]
[WhiteElo "1921"]
[BlackElo "2076"]
[WhiteFideId "12929727"]
[BlackFideId "2106698"]
[EventDate "2025.06.17"]

1. e4 c5 2. Nf3 d6 3. Bb5+ Bd7 4. Bxd7+ Qxd7 5. O-O g6 6. c3 Bg7 7. d4 cxd4 8.
cxd4 Nf6 9. Nc3 O-O 10. h3 a6 11. Be3 Nc6 12. d5 Ne5 13. Nxe5 dxe5 14. f3 Nh5
15. Ne2 Nf4 16. b3 g5 17. Rc1 Rac8 18. Qd2 Qb5 19. Ng3 Bf6 20. Nf5 Rxc1 21. Rxc1
Ne2+ 22. Kf2 Nxc1 23. Qxc1 e6 24. Bxg5 Bh8 25. Nh6+ Kg7 26. Ng4 f6 27. Bxf6+ Kg6
28. Qh6+ Kf7 29. Bxh8 Qc5+ 30. Kg3 Rxh8 31. Qxe6+ Kf8 32. Qf6+ Kg8 33. Nh6# 1-0

[Event "Titled Tue 17th Jun Late"]
[Site "chess.com INT"]
[Date "2025.06.17"]
[Round "6"]
[White "Mizzi, Jack"]
[Black "Mekhitarian, Krikor Sevag"]
[Result "0-1"]
[WhiteTitle "CM"]
[BlackTitle "GM"]
[WhiteElo "2107"]
[BlackElo "2564"]
[WhiteFideId "5602521"]
[BlackFideId "2107660"]
[EventDate "2025.06.17"]

1. d4 Nf6 2. c4 g6 3. Nf3 Bg7 4. g3 d5 5. cxd5 Nxd5 6. Bg2 Nb6 7. O-O Nc6 8. e3
e5 9. dxe5 Qxd1 10. Rxd1 Nxe5 11. Nxe5 Bxe5 12. Nc3 c6 13. e4 Be6 14. f4 Bg7 15.
e5 f5 16. Be3 Kf7 17. Bxb6 axb6 18. b3 Bf8 19. Rac1 Ba3 20. Rc2 Rhd8 21. Rxd8
Rxd8 22. Kf2 b5 23. Ke2 Bb4 24. Nd1 Ra8 25. Nf2 Ke7 26. Nd3 Ba3 27. Ke3 Kd7 28.
Bf3 Kc7 29. h3 h5 30. Bg2 Kb6 31. Bf3 c5 32. b4 Bxb4 33. Nxb4 cxb4 34. Rb2 Ra3+
35. Kf2 Rxa2 36. Rxa2 Bxa2 37. e6 Bxe6 0-1

[Event "Titled Tue 17th Jun Late"]
[Site "chess.com INT"]
[Date "2025.06.17"]
[Round "6"]
[White "Beyer, Lorenz"]
[Black "Arabidze, Meri"]
[Result "0-1"]
[WhiteTitle "CM"]
[BlackTitle "IM"]
[WhiteElo "2226"]
[BlackElo "2440"]
[WhiteFideId "16245393"]
[BlackFideId "13604040"]
[EventDate "2025.06.17"]

1. d4 Nf6 2. Bf4 e6 3. Nf3 b6 4. e3 Bb7 5. h3 d5 6. Be2 Bd6 7. Ne5 O-O 8. O-O c5
9. c3 Nc6 10. Nd2 Qc7 11. Ndf3 Ne4 12. a4 f6 13. Nd3 c4 14. Bxd6 Qxd6 15. Nf4
Na5 16. Nd2 Nxd2 17. Qxd2 Nb3 18. Qc2 Nxa1 19. Rxa1 e5 20. Nh5 g6 21. Ng3 e4 22.
b3 cxb3 23. Qxb3 f5 24. c4 Rf7 25. c5 bxc5 26. dxc5 Qxc5 27. a5 Rd8 28. a6 Ba8
29. Rd1 h5 30. Bf1 Rc7 31. Ne2 Qc2 32. Qxc2 Rxc2 33. Nd4 Rcc8 34. Rb1 h4 35. Rb5
Kh7 36. Ra5 Kh6 37. Rb5 Rb8 38. Ra5 Rb1 39. Rc5 Rdb8 40. Rc7 Ra1 41. Rxa7 Rbb1 0-1

[Event "Titled Tue 17th Jun Late"]
[Site "chess.com INT"]
[Date "2025.06.17"]
[Round "6"]
[White "Araujo Filho, Luiz Antonio Coel"]
[Black "Fadi, Marko"]
[Result "0-1"]
[BlackTitle "FM"]
[WhiteElo "2077"]
[BlackElo "2298"]
[WhiteFideId "2130661"]
[BlackFideId "10605371"]
[EventDate "2025.06.17"]

1. d4 d5 2. Nf3 e6 3. e3 Nf6 4. Bd3 Be7 5. Nbd2 O-O 6. Qe2 b6 7. e4 dxe4 8. Nxe4
Bb7 9. O-O Nbd7 10. Neg5 Bd6 11. Ne5 h6 12. Ngxf7 Rxf7 13. Nxf7 Kxf7 14. Re1 Nf8
15. c4 Kg8 16. Bd2 c5 17. dxc5 Bxc5 18. Rad1 e5 19. Bc3 Bd4 20. Bb1 Qd6 21. Bxd4
exd4 22. Qe7 Qc6 23. f3 Re8 24. Qb4 Rxe1+ 25. Rxe1 N8d7 26. Bf5 Qc5 27. Qd2 Qxf5 0-1

[Event "Titled Tue 17th Jun Late"]
[Site "chess.com INT"]
[Date "2025.06.17"]
[Round "6"]
[White "Medina Paz, Miguel"]
[Black "Schracke, Guido"]
[Result "0-1"]
[WhiteTitle "IM"]
[BlackTitle "CM"]
[WhiteElo "2368"]
[BlackElo "2138"]
[WhiteFideId "7300379"]
[BlackFideId "4637054"]
[EventDate "2025.06.17"]

1. d4 Nf6 2. c4 d6 3. Nf3 Nbd7 4. Nc3 e5 5. e4 Be7 6. Be2 O-O 7. Bg5 c6 8. dxe5
Nxe5 9. Nxe5 dxe5 10. Qxd8 Rxd8 11. O-O h6 12. Bh4 Be6 13. Rfd1 Kf8 14. f3 Ke8
15. Bf2 b6 16. Rac1 Rxd1+ 17. Nxd1 Rd8 18. c5 b5 19. Ne3 g6 20. a3 a5 21. Kf1 a4
22. Ke1 Nd7 23. Nd1 Bb3 24. Nc3 Rc8 25. Nb1 Bf8 26. Nd2 Be6 27. g3 Nb8 28. f4
exf4 29. gxf4 f5 30. e5 Na6 31. Nf3 Bd5 32. Nd4 Nxc5 33. h4 Ne4 34. Nxb5 Nxf2
35. Kxf2 Rb8 36. Nc7+ Kd7 37. Nxd5 cxd5 38. Rc2 Rb3 39. Bf3 d4 40. Bc6+ Ke7 41.
Bxa4 Rh3 42. Kg2 Rxh4 43. Rc7+ Kd8 44. Rd7+ Kc8 45. Rxd4 Rg4+ 46. Kf3 g5 47.
Bd7+ Kb8 48. Bxf5 Rxf4+ 49. Rxf4 gxf4 50. Kxf4 Be7 51. Bg6 Kc7 52. Kf5 Kd7 53.
Bf7 Bg5 54. b4 Ke7 55. Bd5 Bc1 56. a4 Bd2 57. b5 Ba5 58. Kg6 Bc3 0-1

[Event "Titled Tue 17th Jun Late"]
[Site "chess.com INT"]
[Date "2025.06.17"]
[Round "6"]
[White "Palczert, Matyas"]
[Black "Kochetkov, German"]
[Result "1-0"]
[WhiteTitle "FM"]
[BlackTitle "IM"]
[WhiteElo "2396"]
[BlackElo "2277"]
[WhiteFideId "784958"]
[BlackFideId "13500635"]
[EventDate "2025.06.17"]

1. b3 c5 2. Bb2 d5 3. e3 a6 4. Nf3 Nc6 5. Be2 Bg4 6. O-O Bxf3 7. Bxf3 e5 8. c4
d4 9. exd4 exd4 10. Re1+ Be7 11. d3 Nf6 12. Nd2 O-O 13. Nf1 Rc8 14. Bc1 h6 15.
Ng3 Re8 16. Bd2 Qd7 17. Ne4 Ne5 18. Nxf6+ Bxf6 19. Be4 Re7 20. Qh5 Rce8 21. f4
Qg4 22. Qxg4 Nxg4 23. Bxb7 Ne3 24. Bxa6 Nc2 25. Rxe7 Rxe7 26. Rc1 Nb4 27. Bxb4
cxb4 28. c5 Ra7 29. c6 Bd8 30. Bb7 Bc7 31. Rc4 Rxa2 32. Kf1 Rb2 33. Rxb4 Bxf4
34. Rxd4 Bxh2 35. b4 Bg3 36. Rd8+ Kh7 37. Rd7 1-0

[Event "Titled Tue 17th Jun Late"]
[Site "chess.com INT"]
[Date "2025.06.17"]
[Round "6"]
[White "Kharitonov, Sergei"]
[Black "Danzer, George"]
[Result "0-1"]
[WhiteTitle "CM"]
[BlackTitle "CM"]
[WhiteElo "2014"]
[BlackElo "2172"]
[WhiteFideId "4129750"]
[BlackFideId "4659465"]
[EventDate "2025.06.17"]

1. e4 c5 2. Nf3 d6 3. Nc3 Nf6 4. e5 dxe5 5. Nxe5 Nbd7 6. Nc4 g6 7. a4 Bg7 8. Qf3
O-O 9. a5 Nb8 10. d3 Nc6 11. Be3 Nd4 12. Bxd4 cxd4 13. Nb5 a6 14. Nb6 Rb8 15.
Na3 h5 16. h3 Be6 17. Qf4 Nd5 18. Nxd5 Bxd5 19. Nc4 e5 20. Qg3 h4 21. Qg4 Be6
22. Qd1 Qe7 23. Be2 e4 24. dxe4 Bxc4 25. O-O Bxe2 26. Qxe2 Rfe8 27. Rfe1 Rbc8
28. Qd3 Qb4 29. Re2 Qxb2 30. Rd1 Qc3 31. Qxc3 Rxc3 32. f4 Rec8 33. e5 Rxc2 0-1

[Event "Titled Tue 17th Jun Late"]
[Site "chess.com INT"]
[Date "2025.06.17"]
[Round "6"]
[White "Ristic, Nebojsa M"]
[Black "Ferrara, Enzo"]
[Result "0-1"]
[WhiteTitle "IM"]
[WhiteElo "2248"]
[BlackElo "2138"]
[WhiteFideId "900850"]
[BlackFideId "137731"]
[EventDate "2025.06.17"]

1. d4 f5 2. Bf4 Nf6 3. e3 g6 4. h4 Bg7 5. h5 Nxh5 6. Rxh5 gxh5 7. Qxh5+ Kf8 8.
Qxf5+ Kg8 9. Nc3 e6 10. Qh5 Nc6 11. Nf3 d6 12. O-O-O Qf6 13. Bd3 Bd7 14. Rh1 h6
15. g4 Be8 16. Qh3 Bg6 17. Bxg6 Qxg6 18. Nh4 Qf7 19. Qg3 e5 20. Nf5 exf4 21.
Qxf4 Ne7 22. Ne4 Nxf5 23. gxf5 Rf8 24. Ng3 h5 25. Kb1 h4 26. Rxh4 Rxh4 27. Qxh4
Qf6 28. Qg4 Qh6 29. a3 Kh7 30. f4 Bf6 31. e4 Rg8 32. Qf3 Qh3 0-1

[Event "Titled Tue 17th Jun Late"]
[Site "chess.com INT"]
[Date "2025.06.17"]
[Round "6"]
[White "Grover, Sahaj"]
[Black "Salem, A.R. Saleh"]
[Result "0-1"]
[WhiteTitle "GM"]
[BlackTitle "GM"]
[WhiteElo "2465"]
[BlackElo "2627"]
[WhiteFideId "5021103"]
[BlackFideId "9301348"]
[EventDate "2025.06.17"]

1. e4 c5 2. Nf3 d6 3. d4 cxd4 4. Qxd4 Nc6 5. Bb5 Bd7 6. Bxc6 Bxc6 7. Nc3 Nf6 8.
Bg5 e6 9. O-O-O Be7 10. Rhe1 Qa5 11. Nd5 Bxd5 12. exd5 Qxa2 13. dxe6 fxe6 14. b3
Rc8 15. Qb2 Qxb2+ 16. Kxb2 h6 17. Bh4 g5 18. Bg3 e5 19. Nd2 Rc6 20. Nc4 O-O 21.
Na5 Rc7 22. Nc4 Rc6 23. Na5 Rc7 24. Nc4 Rfc8 25. Re2 Rc6 26. Na5 Rb6 27. f3 Rb5
28. Be1 Kf7 29. c4 Rb6 30. Bf2 Ra6 31. b4 Rc7 32. Be1 Rb6 33. Ka2 Nd7 34. Ra1
Ra6 35. Kb2 b6 36. Nb3 Rxa1 37. Nxa1 Rxc4 38. Nb3 d5 0-1

[Event "Titled Tue 17th Jun Late"]
[Site "chess.com INT"]
[Date "2025.06.17"]
[Round "6"]
[White "Sheehan, Ethan"]
[Black "Asish Panda"]
[Result "1-0"]
[WhiteElo "2364"]
[BlackElo "1911"]
[WhiteFideId "30943965"]
[BlackFideId "45012458"]
[EventDate "2025.06.17"]

1. f3 d5 2. Kf2 Nf6 3. e3 e5 4. d4 Bd6 5. dxe5 Bxe5 6. Bd3 O-O 7. Ne2 c5 8. c3
Nc6 9. h3 Bc7 10. Nd2 Re8 11. Re1 Ne5 12. Bc2 Nh5 13. Kg1 Bxh3 14. Nf4 Nxf4 15.
exf4 Ng6 16. Rxe8+ Qxe8 17. gxh3 Qe3+ 18. Kh1 Qxf4 19. Nf1 Qh4 20. Kg2 Re8 21.
Bxg6 hxg6 22. Be3 Re5 23. f4 Rf5 24. Qg4 Qe7 25. Rd1 d4 26. cxd4 cxd4 27. Bc1
Bxf4 28. Bxf4 Qe4+ 29. Qf3 Rxf4 30. Qxe4 Rxe4 31. Ng3 Re7 32. Rxd4 Rc7 33. Rd2
f5 34. h4 Kh7 35. Ne2 Rc4 36. Nd4 a6 37. Nf3 Rg4+ 38. Kf2 b5 39. Rd8 Rc4 40.
Ng5+ 1-0

[Event "Titled Tue 17th Jun Late"]
[Site "chess.com INT"]
[Date "2025.06.17"]
[Round "6"]
[White "Rustamov, Rustam"]
[Black "Svane, Frederik"]
[Result "1-0"]
[WhiteTitle "FM"]
[BlackTitle "GM"]
[WhiteElo "2334"]
[BlackElo "2667"]
[WhiteFideId "13440110"]
[BlackFideId "12923044"]
[EventDate "2025.06.17"]

1. e4 c5 2. Nf3 g6 3. d4 cxd4 4. Nxd4 Nc6 5. c4 Nf6 6. Nc3 d6 7. Be2 Nxd4 8.
Qxd4 Bg7 9. Qd3 O-O 10. Be3 a6 11. O-O Bd7 12. Bd4 b5 13. cxb5 axb5 14. a3 Qb8
15. Bxf6 Bxf6 16. Rab1 Bxc3 17. Qxc3 Rc8 18. Qd4 Ra4 19. Qe3 b4 20. Rfc1 Rxc1+
21. Rxc1 bxa3 22. bxa3 Qb2 23. Rc3 Rxe4 24. Qxe4 Qxc3 25. h3 Qe1+ 26. Kh2 Qxf2
27. Bf3 e5 28. Qd5 Qc5 29. Qb7 Bf5 30. Bd5 Be6 31. Bxe6 fxe6 32. a4 Kf8 33. Qxh7
e4 34. Qxg6 Qe5+ 35. Qg3 Qd5 36. Qa3 Qe5+ 37. Qg3 Qd5 38. h4 Ke8 39. Qg5 Qd4 40.
a5 e3 41. a6 Kd7 42. a7 1-0

[Event "Titled Tue 17th Jun Late"]
[Site "chess.com INT"]
[Date "2025.06.17"]
[Round "6"]
[White "Bryakin, Mikhail"]
[Black "Haddouche, Mohamed"]
[Result "1-0"]
[WhiteTitle "GM"]
[BlackTitle "GM"]
[WhiteElo "2462"]
[BlackElo "2490"]
[WhiteFideId "4165314"]
[BlackFideId "7900660"]
[EventDate "2025.06.17"]

1. Nf3 Nf6 2. e3 g6 3. b4 Bg7 4. Bb2 O-O 5. a4 d6 6. b5 e5 7. c4 a5 8. Nc3 Re8
9. Be2 Nbd7 10. O-O b6 11. h3 Bb7 12. Qc2 Nc5 13. d4 exd4 14. exd4 Nce4 15. Nd1
Nh5 16. Bc1 Qf6 17. Ra3 Nf4 18. Bxf4 Qxf4 19. Ne3 Nxf2 20. Kxf2 Bxd4 21. Qd2 Bc5
22. g3 Qh6 23. Rfa1 Re4 24. Nh2 Rae8 25. Nf1 Qxh3 26. Rd3 R4e6 27. Qc3 Be4 28.
Rd4 Bxd4 29. Qxd4 Bb7 30. Ra3 Re4 31. Qf6 R8e6 32. Qd8+ Re8 33. Qxc7 Ba8 34.
Qxb6 1-0

[Event "Titled Tue 17th Jun Late"]
[Site "chess.com INT"]
[Date "2025.06.17"]
[Round "6"]
[White "Baturin-Vinogradov, Miroslav"]
[Black "Rodrigues, Leonardo De Miranda"]
[Result "1-0"]
[WhiteTitle "CM"]
[WhiteElo "2046"]
[BlackElo "2111"]
[WhiteFideId "55745741"]
[BlackFideId "2108658"]
[EventDate "2025.06.17"]

1. e4 Nf6 2. e5 Nd5 3. Nc3 e6 4. Nxd5 exd5 5. Nf3 d6 6. d4 c5 7. exd6 Bxd6 8.
dxc5 Bxc5 9. Bb5+ Nc6 10. O-O O-O 11. c3 Bg4 12. Be2 Re8 13. h3 Bf5 14. Bd3 Be4
15. Be3 Bxe3 16. fxe3 Qb6 17. Nd4 Qxb2 18. Bxe4 Rxe4 19. Nf5 Rd8 20. Rb1 Qxc3
21. Rxb7 Re5 22. Qg4 Re6 23. Kh1 Rg6 24. Qe2 Na5 25. Rxa7 Kh8 26. Rxf7 h6 27.
Ne7 Rg3 28. Rf8+ Rxf8 29. Rxf8+ Kh7 30. Qf2 Qa1+ 31. Kh2 Rg5 32. Rf5 Qb1 33.
Rxg5 hxg5 34. Qf8 1-0

[Event "Titled Tue 17th Jun Late"]
[Site "chess.com INT"]
[Date "2025.06.17"]
[Round "6"]
[White "Romanchuk, Viktor"]
[Black "Tamames Soria, Cesar Manuel"]
[Result "1-0"]
[WhiteTitle "FM"]
[BlackTitle "IM"]
[WhiteElo "2266"]
[BlackElo "2221"]
[WhiteFideId "14109271"]
[BlackFideId "3529169"]
[EventDate "2025.06.17"]

1. d4 d5 2. c4 dxc4 3. e3 Nf6 4. Bxc4 e6 5. Nf3 a6 6. O-O c5 7. dxc5 Qxd1 8.
Rxd1 Bxc5 9. Be2 b5 10. a4 b4 11. a5 Bb7 12. Nbd2 O-O 13. Nb3 Be7 14. Bd2 Nc6
15. Rdc1 Rfc8 16. Nc5 Bxc5 17. Rxc5 Ne4 18. Rc4 Ne5 19. Nxe5 Nxd2 20. Rxb4 Bd5
21. Rd1 Ne4 22. f3 Nf6 23. e4 Bc6 24. Rc1 Be8 25. Rxc8 Rxc8 26. Bxa6 Ra8 27. Rb6
g5 28. b4 Nh5 29. g3 Nf6 30. Kf2 h5 31. Ke3 g4 32. f4 Ba4 33. Bb7 Rd8 34. a6 Rd1
35. a7 Re1+ 36. Kd2 Rd1+ 37. Kc3 Rc1+ 38. Kb2 Rc2+ 39. Kb1 Nxe4 40. a8=Q+ Kg7
41. Bxe4 1-0

[Event "Titled Tue 17th Jun Late"]
[Site "chess.com INT"]
[Date "2025.06.17"]
[Round "6"]
[White "Ragger, Markus"]
[Black "Cernov, Henrik"]
[Result "1-0"]
[WhiteTitle "GM"]
[BlackTitle "FM"]
[WhiteElo "2566"]
[BlackElo "2325"]
[WhiteFideId "1610856"]
[BlackFideId "16258312"]
[EventDate "2025.06.17"]

1. d4 Nf6 2. c4 Nc6 3. Nf3 e6 4. a3 d6 5. Nc3 g6 6. e4 Bg7 7. Be2 O-O 8. O-O Re8
9. d5 exd5 10. exd5 Ne7 11. h3 c6 12. dxc6 bxc6 13. Bf4 d5 14. cxd5 Nexd5 15.
Be5 Qb6 16. Bd4 Qd8 17. Nxd5 Qxd5 18. Rc1 Be6 19. Bc4 Qf5 20. Bxe6 Rxe6 21. Bc3
c5 22. Qc2 Ne4 23. Bxg7 Kxg7 24. Nd2 Nxd2 25. Qxd2 Rb8 26. Rc2 Qf6 27. Rb1 Reb6
28. Rxc5 Rxb2 29. Rxb2 Rxb2 30. Qc3 Qxc3 31. Rxc3 Ra2 32. g3 Kf6 33. Rc6+ Kg7
34. Ra6 h5 35. h4 Kh7 36. Kg2 Kg7 37. Kf3 Kg8 38. Ke3 Kg7 39. Rxa7 Kf6 40. a4
Kg7 41. a5 Ra1 42. a6 Kg8 43. Ra8+ Kg7 44. Kd4 Kf6 45. Kc5 Kf5 46. Kb6 Kg4 47.
Rf8 f5 48. Rf6 Kf3 49. Rxg6 Kxf2 50. a7 Kf3 51. Kb7 f4 52. gxf4 Kxf4 53. a8=Q 1-0

[Event "Titled Tue 17th Jun Late"]
[Site "chess.com INT"]
[Date "2025.06.17"]
[Round "6"]
[White "Petrus, Adrian"]
[Black "Guerra Mendez, Jose Angel"]
[Result "0-1"]
[WhiteTitle "CM"]
[BlackTitle "GM"]
[WhiteElo "2203"]
[BlackElo "2478"]
[WhiteFideId "14573652"]
[BlackFideId "3508129"]
[EventDate "2025.06.17"]

1. e4 c5 2. Nf3 Nc6 3. Bb5 Nf6 4. d3 Qa5+ 5. Nc3 Nd4 6. Bc4 b5 7. Bb3 Nxb3 8.
cxb3 d6 9. O-O b4 10. Ne2 Ba6 11. h3 Qb5 12. Ne1 g6 13. Be3 Bg7 14. Qc2 O-O 15.
Rd1 Nxe4 16. Qc4 Nf6 17. Qxb5 Bxb5 18. Nc2 Nd5 19. Bc1 a5 20. Rfe1 a4 21. d4
axb3 22. axb3 c4 23. Ne3 Nxe3 24. fxe3 cxb3 25. Bd2 Ra2 26. Bxb4 Rxb2 27. Nc3
Bc4 28. Rb1 Rxb1 29. Rxb1 Rb8 30. Ba3 f5 31. Bb2 Ra8 32. Ra1 Rxa1+ 33. Bxa1 e5
34. dxe5 Bxe5 35. Kf2 Kf7 36. Bb2 Ke6 37. Ke1 h5 38. Nd1 Bd5 39. Kf2 Bxb2 40.
Nxb2 Ke5 41. Nd1 Bc4 42. Nb2 Bb5 43. g3 Ke4 44. h4 d5 0-1

[Event "Titled Tue 17th Jun Late"]
[Site "chess.com INT"]
[Date "2025.06.17"]
[Round "6"]
[White "Ngo, Quang Thai"]
[Black "Moreira, Ronaldo Alonso"]
[Result "1-0"]
[WhiteTitle "FM"]
[WhiteElo "2326"]
[BlackElo "2094"]
[WhiteFideId "12403768"]
[BlackFideId "2110547"]
[EventDate "2025.06.17"]

1. Nf3 Nf6 2. c4 e6 3. Nc3 d5 4. d4 Bb4 5. cxd5 exd5 6. Bg5 h6 7. Bh4 g5 8. Bg3
Ne4 9. Nd2 Bxc3 10. bxc3 Nxc3 11. Qb3 Ne4 12. Nxe4 dxe4 13. e3 O-O 14. h4 g4 15.
h5 Nd7 16. Be2 c5 17. Bxg4 Qa5+ 18. Kf1 cxd4 19. exd4 Nf6 20. Be2 Be6 21. Qe3
Kh7 22. Be5 Nd5 23. Qxe4+ f5 24. Qf3 Qc3 25. Rb1 Qxf3 26. Bxf3 b6 27. g3 Rac8
28. Kg2 Rc2 29. Rhc1 Rfc8 30. Rxc2 Rxc2 31. a4 Ra2 32. Rc1 Rxa4 33. Rc6 Bf7 34.
Rd6 Ra5 35. Rd7 Kg8 36. Rd8+ 1-0

[Event "Titled Tue 17th Jun Late"]
[Site "chess.com INT"]
[Date "2025.06.17"]
[Round "6"]
[White "Akopyan, Harutyun"]
[Black "Silva Lucena, Cristian"]
[Result "1-0"]
[WhiteTitle "FM"]
[BlackTitle "FM"]
[WhiteElo "2240"]
[BlackElo "2243"]
[WhiteFideId "2012014"]
[BlackFideId "2232588"]
[EventDate "2025.06.17"]

1. e4 c6 2. d4 d5 3. Nc3 dxe4 4. Nxe4 Nf6 5. Ng3 h5 6. h4 c5 7. Bb5+ Bd7 8. Bc4
Qb6 9. Qe2 cxd4 10. Nf3 Nc6 11. Bg5 e6 12. Bxf6 gxf6 13. O-O Be7 14. c3 dxc3 15.
bxc3 Rc8 16. Rfd1 Qc7 17. a4 Ne5 18. Nxe5 fxe5 19. Bb5 Bxb5 20. axb5 Bxh4 21.
Nxh5 Qc5 22. g3 Be7 23. Qg4 e4 24. Ng7+ Kf8 25. Nxe6+ fxe6 26. Qxe6 Rh7 27. Rd5
Qc7 28. Rf5+ Ke8 29. Qg6+ Kd7 30. Rd1+ Bd6 31. Qxh7+ Ke6 32. Qg6+ Ke7 33. Rf7+ 1-0

[Event "Titled Tue 17th Jun Late"]
[Site "chess.com INT"]
[Date "2025.06.17"]
[Round "6"]
[White "Montano Vicente, Guadalupe"]
[Black "Aalto, Patrik"]
[Result "1/2-1/2"]
[BlackTitle "FM"]
[WhiteElo "1938"]
[BlackElo "2316"]
[WhiteFideId "5181399"]
[BlackFideId "510726"]
[EventDate "2025.06.17"]

1. d4 Nf6 2. c4 e6 3. Nc3 Bb4 4. Qc2 c5 5. dxc5 Bxc5 6. Nf3 Nc6 7. e3 O-O 8. Be2
d5 9. O-O dxc4 10. Bxc4 Qe7 11. Rd1 e5 12. a3 Bg4 13. Be2 e4 14. Nd4 Bxd4 15.
exd4 Bxe2 16. Qxe2 Rad8 17. Be3 Nd5 18. Nxd5 Rxd5 19. f3 Re8 20. f4 Qd7 21. Qf2
Ne7 22. Rd2 Nf5 23. Rad1 Rc8 24. h3 Rc4 25. g4 Nxe3 26. Qxe3 f5 27. gxf5 Qxf5
28. Rg2 h6 29. Re2 Rd8 30. Qxe4 Qxh3 31. Rg2 Qd7 32. Qg6 Rxd4 33. Rxd4 Qxd4+ 34.
Kh1 Kh8 35. f5 Rc8 36. Qg3 Qd1+ 37. Kh2 Qh5+ 38. Qh3 Qxh3+ 39. Kxh3 Rc5 40. Kg4
Kg8 41. Rd2 Kf7 42. Rd7+ Kf6 43. Rxb7 Rxf5 44. Rxa7 Rf2 45. Ra6+ Ke5 46. b4 g5
47. Rxh6 Ra2 48. Rh5 Rxa3 49. Rxg5+ Kd6 50. b5 Kc7 51. Rf5 Kb6 52. Kg5 Rb3 53.
Kf6 Rxb5 54. Rxb5+ Kxb5 1/2-1/2